Countries That End in S - Statistics

General Stats
  • This quiz has been taken 72 times
  • The average score is 14 of 17
Answer Stats
Hint Answer % Correct
North America Saint Kitts and Nevis
95%
North America Barbados
94%
North America Bahamas
89%
North America Honduras
89%
Oceania Marshall Islands
87%
Oceania Solomon Islands
87%
Africa Comoros
82%
Asia Laos
82%
Asia Philippines
82%
Africa Seychelles
82%
Europe Belarus
81%
Europe Netherlands
81%
Africa Mauritius
77%
Asia Maldives
71%
North America United States
71%
Asia Cyprus
68%
Asia United Arab Emirates
61%
No matching quizzes found
Score Distribution
Percent of People with Each Score
Percentile by Number Answered
Your Score History
You have not taken this quiz